Breath of the Wild Bows by Strength - Statistics

General Stats
  • This quiz has been taken 36 times
  • The average score is 11 of 22
Answer Stats
Strength Answer % Correct
4 Boko Bow | Wooden Bow
95%
5 Traveler's Bow
77%
100 Bow of Light
68%
32x3 Savage Lynel Bow
68%
14x2 Duplex Bow
64%
10x3 Lynel Bow
64%
20x3 Mighty Lynel Bow
59%
14 Golden Bow | Lizal Bow | Soldier's Bow
55%
50 Royal Guard's Bow
55%
44 Ancient Bow
50%
15x3 Forest Dweller's Bow
50%
28x3 Great Eagle Bow
50%
38 Royal Bow
50%
24 Dragon Bone Boko Bow
45%
26 Knight's Bow
45%
12 Spiked Boko Bow
45%
36 Steel Lizal Bow
41%
9 Swallow Bow
41%
20 Falcon Bow
36%
25 Strengthened Lizal Bow
32%
10 Phrenic Bow
23%
15 Silver Bow
23%
No matching quizzes found
Score Distribution
Percent of People with Each Score
Percentile by Number Answered
Your Score History
You have not taken this quiz